Statistics for The biggest Greek islands

Click here to take the quiz!

General Stats

  • This quiz has been taken 814 times
  • The average score is 7 of 15

Answer Stats

Hint Answer % Correct
8336Crete
98%
1401Rhodes
84%
1633Lesbos
74%
593Corfu
74%
430Naxos
54%
3670Euboea
48%
477Samos
48%
842Chios
46%
478Lemnos
28%
406Zante
27%
380Thasos
27%
380Andros
27%
303Lefkada
23%
781Cephalonia
20%
300Karpathos
20%

Score Distribution

Percentile by Number Answered

Percent of People with Each Score

Your Score History

You have not taken this quiz